| 000 | 00442nam a22001697a 4500 | ||
|---|---|---|---|
| 003 | OSt | ||
| 005 | 20211027094608.0 | ||
| 008 | 211027b |||||||| |||| 00| 0 eng d | ||
| 020 | _a1-4051-0674-3 | ||
| 040 |
_add _cHU |
||
| 082 |
_25TH _a614.4 _b4 |
||
| 100 |
_aFARMER RICHARD _915767 |
||
| 245 | _aLECTURE NOTES EPIDEMIOLOGY AND PUBLIC HEALTH MEDICINE | ||
| 250 | _a5TH | ||
| 260 |
_aUSA _bBLACKWELL PUBLISHING _c2004 |
||
| 942 |
_2ddc _cBOOKS _n0 |
||
| 999 |
_c15192 _d15192 |
||